[Event "World Blitz Championship"]
[Site "Berlin GER"]
[Date "2015.10.14"]
[EventDate "2015.10.13"]
[Round "15.7"]
[Result "1-0"]
[White "Peter Svidler"]
[Black "Gawain Jones"]
[WhiteElo "2727"]
[BlackElo "2623"]
[PlyCount "93"]

1. Nf3 Nf6 2. c4 g6 3. g3 Bg7 4. Bg2 O-O 5. O-O d6 6. d4 Nc6
7. Nc3 Rb8 8. Bf4 a6 9. Rc1 Bd7 10. Qd2 b5 11. Nd5 bxc4
12. Nxf6+ Bxf6 13. Rxc4 e5 14. dxe5 Nxe5 15. Nxe5 dxe5 16. Bh6
Be6 17. Rc2 Qxd2 18. Rxd2 Rfd8 19. b3 g5 20. Rxd8+ Rxd8
21. Rc1 Rd6 22. h4 gxh4 23. gxh4 Bxh4 24. Rxc7 Bg4 25. Be3
Bxe2 26. b4 Kg7 27. a4 Bd8 28. Rc6 Be7 29. Rc7 Bd8 30. Rb7 Kg6
31. b5 axb5 32. axb5 f5 33. b6 h5 34. Rb8 f4 35. Be4+ Kg5
36. Bc5 Rd1+ 37. Kh2 Bxb6 38. Be7+ Kh6 39. Rxb6+ Kg7 40. Bf6+
Kf7 41. Bxe5 f3 42. Bf5 Rf1 43. Rb7+ Ke8 44. Bd4 Rd1 45. Bf6
Kf8 46. Be6 Bb5 47. Rxb5 1-0

[Event "World Blitz Championship"]
[Site "Berlin GER"]
[Date "2015.10.14"]
[EventDate "2015.10.13"]
[Round "16.14"]
[Result "1-0"]
[White "Gawain Jones"]
[Black "Alexey Dreev"]
[WhiteElo "2623"]
[BlackElo "2644"]
[PlyCount "139"]

1. e4 c6 2. d4 d5 3. Nc3 dxe4 4. Nxe4 Bf5 5. Ng3 Bg6 6. h4 h6
7. Nf3 e6 8. Ne5 Bh7 9. Bd3 Bxd3 10. Qxd3 Nd7 11. f4 c5
12. Be3 Nxe5 13. fxe5 cxd4 14. O-O-O Qd5 15. Bxd4 Ne7 16. Ne4
Nc6 17. Bc3 Qxd3 18. Rxd3 Rd8 19. Rg3 Nd4 20. Re1 Nf5 21. Rh3
h5 22. Ng3 g6 23. Ne4 Be7 24. g3 Rd5 25. Rh2 Kd7 26. Rd2 Rxd2
27. Bxd2 Rc8 28. b3 b5 29. Kb2 Kc6 30. Bf4 Rd8 31. c3 a6
32. Kc2 Rd5 33. Ra1 a5 34. Re1 Bd8 35. Re2 Bc7 36. Nf6 Rd8
37. Re4 Bb6 38. a4 Bf2 39. g4 hxg4 40. Nxg4 Bxh4 41. axb5+
Kxb5 42. Bd2 Be7 43. Ra4 Kb6 44. Ne3 Ra8 45. Nxf5 exf5 46. b4
Kb5 47. Kb3 g5 48. c4+ Kc6 49. b5+ Kb6 50. Be3+ Bc5 51. Bxg5
Rg8 52. Bh4 f4 53. Ra1 f3 54. Rf1 a4+ 55. Kxa4 Ra8+ 56. Kb3
Ra3+ 57. Kc2 Re3 58. Bg5 Re2+ 59. Kd3 Rxe5 60. Bd8+ Kb7
61. Rxf3 f5 62. Bf6 Re6 63. Rxf5 Ba7 64. Bd4 Bb8 65. c5 Bc7
66. Rf7 Kc8 67. Kc4 Bd8 68. Kd5 Rh6 69. b6 Rh5+ 70. Be5 1-0

[Event "World Blitz Championship"]
[Site "Berlin GER"]
[Date "2015.10.14"]
[EventDate "2015.10.13"]
[Round "17.1"]
[Result "1-0"]
[White "Magnus Carlsen"]
[Black "Gawain Jones"]
[WhiteElo "2850"]
[BlackElo "2623"]
[PlyCount "101"]

1. c4 Nf6 2. Nc3 g6 3. g3 Bg7 4. Bg2 O-O 5. d3 d6 6. Bg5 Nbd7
7. Qd2 c6 8. Bh6 e5 9. Nf3 Re8 10. Bxg7 Kxg7 11. O-O a6
12. Rac1 Nf8 13. Rfd1 Rb8 14. b3 Bg4 15. h3 Bxf3 16. Bxf3 Ne6
17. Bg2 d5 18. cxd5 cxd5 19. Qb2 Qd6 20. b4 h5 21. h4 Rbd8
22. a3 Nd4 23. Na4 Ng4 24. Nc5 Qf6 25. e3 Nf3+ 26. Bxf3 Qxf3
27. Re1 Re7 28. Qe2 Qxe2 29. Rxe2 Kg8 30. Rec2 f5 31. Nb3 Rdd7
32. Rc8+ Kf7 33. Rh8 Nf6 34. Rcc8 Rc7 35. Nc5 d4 36. exd4 exd4
37. Rxc7 Rxc7 38. Rb8 Nd7 39. Rxb7 Rxb7 40. Nxb7 Ke6 41. Kf1
Kd5 42. Na5 Nb6 43. Ke2 Na4 44. Nc4 Nc3+ 45. Kd2 Ke6 46. f4
Nd5 47. Ne5 Ne3 48. Ke2 Nc2 49. Nc4 Na1 50. Kd2 Kd5 51. Na5
1-0

[Event "World Blitz Championship"]
[Site "Berlin GER"]
[Date "2015.10.14"]
[EventDate "2015.10.13"]
[Round "18.17"]
[Result "1-0"]
[White "Gawain Jones"]
[Black "Tigran Levonovich Petrosian"]
[WhiteElo "2623"]
[BlackElo "2625"]
[PlyCount "97"]

1. e4 d6 2. d4 g6 3. Nc3 Bg7 4. Be3 a6 5. Qd2 b5 6. a4 b4
7. Nce2 Bb7 8. Ng3 a5 9. Nf3 Nd7 10. h4 h6 11. h5 g5 12. d5 e6
13. Nd4 exd5 14. exd5 Be5 15. Bb5 Bxd5 16. O-O-O Nf6 17. Nc6
Bxc6 18. Bxc6 Ra6 19. Bb5 Rb6 20. Bxb6 cxb6 21. Kb1 O-O
22. Rhe1 Qc7 23. Nf5 Kh7 24. Nxd6 Bf4 25. Qd3+ Kh8 26. Bxd7
Qxd7 27. g3 Bxd6 28. Qxd6 Qxd6 29. Rxd6 Kg7 30. Rxb6 Rd8
31. Kc1 Ng4 32. f4 Nh2 33. fxg5 hxg5 34. h6+ Kh7 35. Re7 Rf8
36. Rf6 Kg8 37. h7+ Kxh7 38. Rexf7+ Rxf7 39. Rxf7+ Kg6 40. Rf8
Ng4 41. Ra8 Nf2 42. Rxa5 Kh5 43. Rb5 Ne4 44. a5 Nxg3 45. a6
Ne2+ 46. Kd2 Nd4 47. Rxb4 Nc6 48. Rc4 Na7 49. Rc7 1-0

[Event "World Blitz Championship"]
[Site "Berlin GER"]
[Date "2015.10.14"]
[EventDate "2015.10.13"]
[Round "19.8"]
[Result "1/2-1/2"]
[White "Dmitry Andreikin"]
[Black "Gawain Jones"]
[WhiteElo "2720"]
[BlackElo "2623"]
[PlyCount "112"]

1. Nc3 c5 2. Nf3 Nc6 3. e4 g6 4. Bb5 Bg7 5. O-O Nd4 6. Nxd4
cxd4 7. Ne2 e6 8. c3 dxc3 9. dxc3 Ne7 10. Qd6 O-O 11. Bg5 Nf5
12. Qd2 Qb6 13. exf5 Qxb5 14. Be7 Qxf5 15. Bxf8 Bxf8 16. c4
Qc5 17. Rac1 b6 18. Ng3 Qc6 19. Rfd1 a5 20. f3 f5 21. Ne2 Qc5+
22. Kh1 d6 23. Nc3 Ra7 24. Na4 Qc6 25. b3 Rb7 26. Qe3 Bd7
27. Nc3 Qc5 28. Qe2 Bc8 29. Nb5 Bd7 30. Rc2 d5 31. Nc3 d4
32. Nb5 e5 33. f4 Bc6 34. Qxe5 Be4 35. Rcd2 d3 36. Nc3 Qxe5
37. fxe5 Bb4 38. Rxd3 Bxd3 39. Rxd3 Re7 40. Nd5 Rxe5 41. g3
Bc5 42. Rd2 g5 43. Kg2 Kf7 44. a3 Bxa3 45. Nxb6 Re3 46. Rd5
Rxb3 47. Rxf5+ Ke6 48. Rxa5 Rxb6 49. Rxa3 Rb2+ 50. Kh3 h5
51. Ra5 g4+ 52. Kh4 Rxh2+ 53. Kg5 Rh3 54. Ra3 Kd6 55. Ra5 Rxg3
56. Kxh5 Rc3 1/2-1/2

[Event "World Blitz Championship"]
[Site "Berlin GER"]
[Date "2015.10.14"]
[EventDate "2015.10.13"]
[Round "20.7"]
[Result "0-1"]
[White "Gawain Jones"]
[Black "Levon Aronian"]
[WhiteElo "2623"]
[BlackElo "2784"]
[PlyCount "105"]

1. e4 c6 2. d4 d5 3. Nc3 dxe4 4. Nxe4 Nf6 5. Nxf6+ exf6 6. c3
Bd6 7. Bd3 Be6 8. Qc2 Nd7 9. Ne2 Qc7 10. h3 Nf8 11. Bd2 Bd7
12. O-O-O Ne6 13. c4 O-O-O 14. c5 Bf4 15. Bc4 Kb8 16. Kb1 Bxd2
17. Rxd2 Bc8 18. Rhd1 Rhe8 19. Qxh7 Ng5 20. Qxg7 Ne4 21. Qxf7
Nxd2+ 22. Rxd2 Qh2 23. Qxf6 Qh1+ 24. Kc2 Qxg2 25. Qf4+ Ka8
26. h4 Rf8 27. Qg3 Rxf2 28. Qxg2 Rxg2 29. h5 Bg4 30. h6 Rh2
31. Nf4 Rxh6 32. Kc3 Rf6 33. Nd3 Rf3 34. Rf2 Rg3 35. b4 Kb8
36. a4 Bh5 37. b5 Bg6 38. Rf6 Be4 39. a5 cxb5 40. Bxb5 Bxd3
41. Bxd3 Rg4 42. Rd6 Rxd6 43. cxd6 Rg5 44. a6 b6 45. Kc4 Kc8
46. d5 Kd7 47. Be4 Kxd6 48. Bf3 Rf5 49. Be4 Rf1 50. Bd3 Rc1+
51. Kd4 Rd1 52. Kc4 Rxd3 53. Kxd3 0-1

[Event "European Team Championship"]
[Site "Reykjavik ISL"]
[Date "2015.11.14"]
[EventDate "2015.11.13"]
[Round "2.2"]
[Result "1/2-1/2"]
[White "Merab Gagunashvili"]
[Black "Gawain Jones"]
[WhiteElo "2539"]
[BlackElo "2615"]
[PlyCount "53"]

1. d4 Nf6 2. c4 g6 3. Nf3 Bg7 4. g3 O-O 5. Bg2 d6 6. O-O Nc6
7. Nc3 Rb8 8. Bf4 a6 9. Rc1 h6 10. h3 g5 11. Be3 g4 12. hxg4
Nxg4 13. Bf4 Nxd4 14. Nxd4 e5 15. e3 exf4 16. exf4 c5 17. Nf3
b5 18. b3 bxc4 19. bxc4 Re8 20. Qd3 Rb2 21. Rc2 Rxc2 22. Qxc2
Be6 23. Nd5 Qd7 24. Nh2 Bd4 25. Nf3 Bg7 26. Nh2 Bd4 27. Nf3
1/2-1/2

[Event "European Team Championship"]
[Site "Reykjavik ISL"]
[Date "2015.11.14"]
[EventDate "2015.11.13"]
[Round "2.2"]
[Result "1/2-1/2"]
[White "Merab Gagunashvili"]
[Black "Gawain Jones"]
[WhiteElo "2539"]
[BlackElo "2615"]
[PlyCount "54"]

1. d4 Nf6 2. c4 g6 3. Nf3 Bg7 4. g3 O-O 5. Bg2 d6 6. O-O Nc6
7. Nc3 Rb8 8. Bf4 a6 9. Rc1 h6 10. h3 g5 11. Be3 g4 12. hxg4
Nxg4 13. Bf4 Nxd4 14. Nxd4 e5 15. e3 exf4 16. exf4 c5 17. Nf3
b5 18. b3 bxc4 19. bxc4 Re8 20. Qd3 Rb2 21. Rc2 Rxc2 22. Qxc2
Be6 23. Nd5 Qd7 24. Nh2 Bd4 25. Nf3 Bg7 26. Nh2 Bd4 27. Nf3
Bg7 1/2-1/2

[Event "European Team Championship"]
[Site "Reykjavik ISL"]
[Date "2015.11.16"]
[EventDate "2015.11.13"]
[Round "4.5"]
[Result "0-1"]
[White "Karen H Grigoryan"]
[Black "Gawain Jones"]
[WhiteElo "2616"]
[BlackElo "2615"]
[PlyCount "112"]

1. d4 Nf6 2. c4 g6 3. Nc3 Bg7 4. Nf3 d6 5. Bg5 h6 6. Bh4 g5
7. Bg3 c5 8. dxc5 Qa5 9. Nd2 Qxc5 10. e3 Bf5 11. Be2 Nbd7
12. O-O a6 13. Nb3 Qc7 14. Nd4 Bg6 15. Bd3 Bh5 16. Qd2 e6
17. Rac1 O-O 18. b3 Rfd8 19. Ne4 Ne5 20. Nxf6+ Bxf6 21. Bb1
Qb6 22. f3 Bg6 23. Bxg6 Nxg6 24. f4 gxf4 25. Bxf4 Bg7 26. Qf2
Rd7 27. Bg3 Re8 28. Ne2 Qc5 29. Nf4 Nxf4 30. Bxf4 e5 31. Bg3
d5 32. cxd5 Qxd5 33. Qf5 Qe6 34. Qe4 Qg6 35. Rf5 Red8 36. Rcf1
Rd1 37. Be1 Ra1 38. Bc3 Rxa2 39. Qxb7 e4 40. g3 Bxc3 41. Rxf7
Ra1 42. Qe7 Rxf1+ 43. Rxf1 Re8 44. Qc5 Bg7 45. Rd1 Qe6 46. b4
Rc8 47. Qa7 Rf8 48. Qd7 Qxd7 49. Rxd7 Rf3 50. Rd6 Rxe3
51. Rxa6 Rb3 52. Rd6 Rxb4 53. Kf2 Bd4+ 54. Ke1 e3 55. Rxh6
Rb1+ 56. Ke2 Rb2+ 0-1

[Event "European Team Championship"]
[Site "Reykjavik ISL"]
[Date "2015.11.17"]
[EventDate "2015.11.13"]
[Round "5.5"]
[Result "1/2-1/2"]
[White "Gawain Jones"]
[Black "Rainer Buhmann"]
[WhiteElo "2615"]
[BlackElo "2619"]
[PlyCount "100"]

1. e4 e6 2. d4 d5 3. Nc3 Nf6 4. e5 Nfd7 5. f4 c5 6. Nf3 Nc6
7. Be3 a6 8. Qd2 b5 9. dxc5 Bxc5 10. Bd3 Qb6 11. Bf2 O-O
12. O-O Bxf2+ 13. Rxf2 f6 14. exf6 Nxf6 15. h3 Nb4 16. a3 Nxd3
17. Qxd3 Nh5 18. Nxd5 Qc5 19. Nc3 Nxf4 20. Qe4 Ra7 21. Qd4
Qxd4 22. Nxd4 Raf7 23. Rd2 Bb7 24. Re1 Rd8 25. Ne4 Rfd7
26. Nf3 Rxd2 27. Nexd2 Nxg2 28. Rxe6 Nf4 29. Rb6 Nxh3+ 30. Kh2
Bc8 31. Ne4 Nf4 32. Nd6 Nd5 33. Rc6 Ne7 34. Rb6 Nd5 35. Rc6
Ne7 36. Rb6 Nf5 37. Nxc8 Rxc8 38. c3 Re8 39. Rxa6 g6 40. b4
Re3 41. Nd4 Nxd4 42. cxd4 Kf7 43. Ra7+ Ke6 44. Rxh7 Rxa3
45. Rb7 Kd5 46. Rxb5+ Kxd4 47. Rb6 Rb3 48. Rxg6 Rxb4 49. Rg4+
Kc5 50. Rxb4 Kxb4 1/2-1/2

[Event "European Team Championship"]
[Site "Reykjavik ISL"]
[Date "2015.11.19"]
[EventDate "2015.11.13"]
[Round "6.9"]
[Result "0-1"]
[White "Erik Blomqvist"]
[Black "Gawain Jones"]
[WhiteElo "2486"]
[BlackElo "2615"]
[PlyCount "66"]

1. e4 c5 2. Nf3 g6 3. c3 d5 4. exd5 Qxd5 5. d4 Nf6 6. Na3 cxd4
7. Nb5 Na6 8. Qxd4 Bg7 9. Be3 O-O 10. Nxa7 Be6 11. Nb5 Qc6
12. Qh4 Bd5 13. Nbd4 Qc8 14. Be2 Nc5 15. O-O Bxa2 16. Nb5 Ra4
17. c4 Nce4 18. Rfc1 Rd8 19. Nfd4 Ra6 20. b4 e5 21. Nf3 Qf5
22. h3 h5 23. Nc7 Ra3 24. Nd5 Rxd5 25. cxd5 Rxe3 26. fxe3 Bh6
27. Rf1 Bxe3+ 28. Kh1 Bxd5 29. Nd4 Qc8 30. Rxf6 Nxf6 31. Nf3
Ne4 32. Qe7 Ng3+ 33. Kh2 Bf4 0-1

[Event "European Team Championship"]
[Site "Reykjavik ISL"]
[Date "2015.11.20"]
[EventDate "2015.11.13"]
[Round "7.10"]
[Result "0-1"]
[White "Gawain Jones"]
[Black "Sergei Tiviakov"]
[WhiteElo "2615"]
[BlackElo "2608"]
[PlyCount "102"]

1. e4 e6 2. d4 d5 3. Nc3 Nf6 4. e5 Nfd7 5. f4 c5 6. Nf3 Nc6
7. Be3 cxd4 8. Nxd4 Bc5 9. Qd2 O-O 10. O-O-O a6 11. Qf2 Bxd4
12. Bxd4 b5 13. Be3 Bb7 14. Bd3 Rc8 15. Rhf1 Nb4 16. a3 Nxd3+
17. Rxd3 Qe7 18. Rfd1 b4 19. axb4 Qxb4 20. Bd4 Nc5 21. Rh3 Ne4
22. Qh4 h6 23. g4 Rc4 24. Nxe4 dxe4 25. Bc3 Qc5 26. g5 e3
27. b4 Qe7 28. Rxe3 Rfc8 29. Qg3 hxg5 30. fxg5 Be4 31. Rd6 Bf5
32. h4 Qc7 33. Kd2 Rg4 34. Qf2 Qc4 35. Rd7 Rf4 36. Qg3 Qf1
37. Re1 Qc4 38. g6 Bxg6 39. Re3 Rxh4 40. Qf2 Rf4 41. Qg3 Qf1
42. Re1 Rf2+ 43. Kd1 Bxc2+ 44. Kc1 Bd3 45. Rd8+ Rxd8 46. Rxf1
Rxf1+ 47. Kb2 Bf5 48. Qg2 Rb1+ 49. Ka2 Rc1 50. Qc6 Rd2+
51. Kb3 Rxc3+ 0-1

[Event "European Team Championship"]
[Site "Reykjavik ISL"]
[Date "2015.11.21"]
[EventDate "2015.11.13"]
[Round "8.9"]
[Result "1/2-1/2"]
[White "Gawain Jones"]
[Black "Emre Can"]
[WhiteElo "2615"]
[BlackElo "2535"]
[PlyCount "119"]

1. e4 d6 2. d4 Nf6 3. Nc3 e5 4. Nf3 Nbd7 5. Bc4 Be7 6. O-O O-O
7. a4 c6 8. a5 exd4 9. Nxd4 Ne5 10. Ba2 Re8 11. h3 Bf8 12. Bg5
h6 13. Bh4 Ng6 14. Bg3 Bd7 15. Re1 b5 16. axb6 axb6 17. Nf3
Ne5 18. Nxe5 dxe5 19. Bh4 g5 20. Bg3 Bc5 21. Qd3 b5 22. Bb3
Qe7 23. Rxa8 Rxa8 24. Nd1 Ra1 25. c3 Be6 26. Bxe6 Qxe6 27. Qf3
Ne8 28. Kh2 Nd6 29. Qe2 b4 30. f3 b3 31. Bf2 Nb7 32. Be3 Qd6
33. Nf2 Rxe1 34. Qxe1 Bxe3 35. Qxe3 Nc5 36. Ng4 Kg7 37. Qe1
Qd3 38. Qg3 f6 39. Nxe5 Qe2 40. Ng4 h5 41. Qf2 Qc2 42. Qxc5
hxg4 43. Qe7+ Kg6 44. Qe8+ Kg7 45. Qe7+ Kg6 46. e5 fxe5
47. Qe6+ Kg7 48. Qxe5+ Kf7 49. Qc7+ Kf8 50. Qd8+ Kf7 51. Qc7+
Kf8 52. Qc8+ Kf7 53. Qb7+ Kg8 54. Qb8+ Kf7 55. Qa7+ Kg6
56. Qd7 gxf3 57. Qxc6+ Kg7 58. Qb7+ Kg6 59. Qc6+ Kg7 60. Qb7+
1/2-1/2

[Event "European Team Championship"]
[Site "Reykjavik ISL"]
[Date "2015.11.22"]
[EventDate "2015.11.13"]
[Round "9.17"]
[Result "1/2-1/2"]
[White "Vladislav Nevednichy"]
[Black "Gawain Jones"]
[WhiteElo "2569"]
[BlackElo "2615"]
[PlyCount "250"]

1. e4 c5 2. Nf3 Nc6 3. Bb5 e6 4. O-O Nge7 5. c3 d5 6. exd5
Nxd5 7. d4 cxd4 8. cxd4 Be7 9. Nc3 O-O 10. Re1 Bd7 11. Bd3 Rc8
12. Nxd5 exd5 13. Ne5 Bf6 14. Bf4 Be6 15. Rc1 Nxd4 16. Bxh7+
Kxh7 17. Qxd4 Qa5 18. a3 Kg8 19. Bd2 Qa6 20. Rxc8 Rxc8 21. Bc3
Qd6 22. h3 b6 23. g4 Qf8 24. Qd2 Qc5 25. Bd4 Qc2 26. Qf4 Qh7
27. Kg2 Qh6 28. Qxh6 gxh6 29. Re2 h5 30. Kg3 hxg4 31. hxg4 Rc1
32. Nd3 Rg1+ 33. Kh2 Rd1 34. Bxf6 Rxd3 35. f4 Kf8 36. f5 Bd7
37. Re7 Be8 38. Rxa7 d4 39. Ra8 Rd2+ 40. Kg3 Rxb2 41. Kf4 Rf2+
42. Ke4 Re2+ 43. Kxd4 Rg2 44. g5 Rg4+ 45. Kd5 Ra4 46. Rb8 Rxa3
47. Be5 Rd3+ 48. Bd4 Rd1 49. Rxb6 Ke7 50. Ke4 Re1+ 51. Kf4
Rf1+ 52. Ke5 Re1+ 53. Kd5 Rd1 54. Rb7+ Kf8 55. Ra7 Bc6+
56. Ke5 f6+ 57. gxf6 Re1+ 58. Kd6 Rd1 59. Kc5 Be8 60. Rb7 Rc1+
61. Kd6 Rd1 62. Rb4 Kf7 63. Kd5 Kf8 64. Ke5 Re1+ 65. Kf4 Rf1+
66. Kg5 Rc1 67. Rb7 Rc2 68. Bb2 Rg2+ 69. Kf4 Rf2+ 70. Kg4 Rg2+
71. Kh3 Rg5 72. Ba3+ Kg8 73. Kh4 Rg2 74. Bd6 Rg1 75. f7+ Bxf7
76. Rb8+ Kh7 77. Be5 Rh1+ 78. Kg5 Rg1+ 79. Kf6 Bd5 80. Rd8 Bg8
81. Rd4 Rh1 82. Rd7+ Kh6 83. Rg7 Bd5 84. Rd7 Be4 85. Bf4+ Kh5
86. Ke5 Re1 87. Rh7+ Kg4 88. Rg7+ Kf3 89. Bg3 Ra1 90. f6 Ra5+
91. Kd6 Ra6+ 92. Ke5 Ra5+ 93. Kd4 Rd5+ 94. Kc3 Rc5+ 95. Kb4
Rf5 96. Bh4 Bd5 97. Kc5 Ba2+ 98. Kd6 Rd5+ 99. Ke7 Re5+
100. Kf8 Ra5 101. Rc7 Kg4 102. Be1 Ra8+ 103. Ke7 Rh8 104. Rc2
Rh7+ 105. Kd6 Bf7 106. Bc3 Kf5 107. Rf2+ Kg6 108. Bd4 Be8
109. Bc5 Bf7 110. Bb4 Be8 111. Bc3 Bf7 112. Rg2+ Kf5 113. Rg1
Bc4 114. Re1 Bf7 115. Re2 Kg6 116. Rf2 Be8 117. Ba5 Bf7
118. Bd8 Rh5 119. Be7 Rd5+ 120. Kc7 Rf5 121. Rg2+ Rg5 122. Rb2
Rh5 123. Rb6 Rf5 124. Bd8 Rc5+ 125. Kd7 Rd5+ 1/2-1/2